00530nam a2200145Ia 4500003000900000008004100009020002600050040001600076100001800092245008600110260003200196300002000228490003300248856010300281IN-BaIIA211028s9999 xx s 000 0 eng d a9780819446824 (Print) cIIA Library aGao, Wei, ed. 0aUltraviolet Ground- and Space-based Measurements, Models, and Effects IIh[eBook] aWashington, USAbSPIEc2003 aOnline resource aProceedings of SPIE; V. 4896 uhttps://www.spiedigitallibrary.org/conference-proceedings-of-spie/4896yClick Here to Access eBook